Movies Quiz

Random Movies or Musical Quiz

Grease Actor Ages Over/Under Quiz Stats

 Plays Quiz not verified by Sporcle

Challenge
Share
Tweet
Embed
Score 0/11 Timer 02:00
0 Plays Today
Actor-Character Older / Younger than 28 % Correct
Stockard Channing as Betty Rizzo ???
80.1%
Frankie Avalon as Teen Angel???
74.7%
Olivia Newton-John as Sandy Olsen???
68.6%
John Travolta as Danny Zuko???
63.7%
Kelly Ward as Putzie ???
61%
Jamie Donnelly as Jan ???
54%
Michael Tucci as Sonny ???
53.4%
Dinah Manoff as Marty 'Maraschino'???
51.3%
Barry Pearl as Doody ???
51.2%
Didi Conn as Frenchy ???
48.1%
Jeff Conaway as Kenickie ???
44.2%

You're not logged in!

Compare scores with friends on all Sporcle quizzes.
Join for Free
OR
Log In

You Might Also Like...

Show Comments

Extras

Top Quizzes Today


Score Distribution

Your Account Isn't Verified!

In order to create a playlist on Sporcle, you need to verify the email address you used during registration. Go to your Sporcle Settings to finish the process.

Report this User

Report this user for behavior that violates our Community Guidelines.

Details: